Central Library OPAC University of Rajshahi

Favorite poems, old and new : (Record no. 17499)

MARC details
000 -LEADER
fixed length control field 00731nam a2200241 a 4500
001 - CONTROL NUMBER
control field 17499
003 - CONTROL NUMBER IDENTIFIER
rucl marc code BD-RjUL
005 - DATE AND TIME OF LATEST TRANSACTION
control field 20211209000142.0
008 - FIXED-LENGTH DATA ELEMENTS--GENERAL INFORMATION
fixed length control field 140217s1957 nyua j 000 0 eng
035 ## - SYSTEM CONTROL NUMBER
System control number (BD-RjUL)17557
040 ## - CATALOGING SOURCE
Original cataloging agency DLC
Transcribing agency DLC
Modifying agency BD-RjUL
Language of cataloging eng
041 ## - LANGUAGE CODE
Language code of text/sound track or separate title eng
082 ## - DEWEY DECIMAL CLASSIFICATION NUMBER
Edition number 23
Classification number 811
Author mark and year FEF 1957
100 1# - MAIN ENTRY--PERSONAL NAME
Personal name Ferris, Helen
Dates associated with a name 1890-1969,
9 (RLIN) 53931
245 10 - TITLE STATEMENT
Title Favorite poems, old and new :
Remainder of title selected for boys and girls /
Statement of responsibility, etc. Helen Ferris; Illustrated by Leonard Weisgard.
260 ## - PUBLICATION, DISTRIBUTION, ETC. (IMPRINT)
Place of publication, distribution, etc. New York :
Name of publisher, distributor, etc. Doubleday,
Date of publication, distribution, etc. c1957.
300 ## - PHYSICAL DESCRIPTION
Pagination 598 p. :
Illustrations ill. ;
Size 25 cm.
500 ## - GENERAL NOTE
General note Include index
650 #0 - SUBJECT ADDED ENTRY--TOPICAL TERM
Topical term or geographic name as entry element Children's poetry.
9 (RLIN) 53932
700 ## - ADDED ENTRY--PERSONAL NAME
Personal name Weisgard Leonard
942 ## - ADDED ENTRY ELEMENTS (KOHA)
Source of classification or shelving scheme Dewey Decimal Classification
Koha item type Books
Holdings
Lost status Source of classification or shelving scheme Damaged status Not for loan Collection code Permanent Location Current Location Shelving location Date acquired Source of acquisition Total Checkouts Full call number Date last seen Copy number Koha item type
  Dewey Decimal Classification     Non-fiction Central Library, University of Rajshahi Central Library, University of Rajshahi Reading Room 09/07/1976 U.S.I.S.   811 FEF 1957 17/02/2014 C-3 Books
  Dewey Decimal Classification     Non-fiction Central Library, University of Rajshahi Central Library, University of Rajshahi   09/07/1976 U.S.Govt.   811 FEF 1957 04/10/2016 C-4 Books